| 000 | 00751nam a22002417a 4500 | ||
|---|---|---|---|
| 003 | UA-OsUOA | ||
| 001 | 20464 | ||
| 007 | ta | ||
| 008 | 20031029b un ||||| |||| 00| 0 ukr d | ||
| 100 | _aКублицький Георгий Иванович | ||
| 090 |
_a910.4(470+5) _bК88 |
||
| 942 | _cBK | ||
| 040 |
_aUA-OsUOA _brus _cUA-OsUOA _dUA-OsUOA |
||
| 245 |
_aПо материкам и океанам _bРассказы о путешествиях и открытиях |
||
| 300 | _a327 с. | ||
| 955 | _a0 | ||
| 041 | _arus | ||
| 080 | _a910.4(470+5) | ||
| 260 |
_aМосква _bГосиздат детской л-ры Министерства просвещения РСФСР _c1957 |
||
| 044 | _aUA | ||
| 650 | 7 | _2UDC | |
| 999 |
_c306641 _d306641 |
||